Statistics for Opossums, Raccoons, or Squirrels?

Click here to take the quiz!

General Stats

  • This quiz has been taken 92 times
  • The average score is 7 of 10

Answer Stats

QuestionAnswer% Correct
Are most active during the daytimeSquirrels
86%
Are marsupialsOpossums
83%
Are rodentsSquirrels
79%
"Wash" their food by dunking it in waterRaccoons
76%
Are vegetarianSquirrels
76%
Have a natural resistance to snake venomOpossum
68%
Are most likely to carry rabiesRaccoons
65%
Have MORE than one species within the United StatesSquirrels
59%
Are valued for their part in reducing tick populationsOpossums
56%
Never stop growingOpossums
51%

Score Distribution

Percentile by Number Answered

Percent of People with Each Score

Your Score History

You have not taken this quiz